Informe preliminar para la construcción del Teatro Nacional México 1910 (Facsímil) (Record no. 11008)

MARC details
000 -CABECERA
campo de control de longitud fija 01321nam a22002897a 4500
001 - NÚMERO DE CONTROL
campo de control BRCA_9386
003 - IDENTIFICADOR DEL NÚMERO DE CONTROL
campo de control FranzMayer
005 - FECHA Y HORA DE LA ÚLTIMA TRANSACCIÓN
campo de control 20230918124352.0
008 - DATOS DE LONGITUD FIJA--INFORMACIÓN GENERAL
campo de control de longitud fija 230901b |||||||| |||| 00| 0 eng d
020 ## - NÚMERO INTERNACIONAL ESTÁNDAR DEL LIBRO
Número Internacional Estándar del Libro 9709703072
040 ## - FUENTE DE LA CATALOGACIÓN
Centro catalogador/agencia de origen MFM
Lengua de catalogación ESPAÑOL
Centro/agencia transcriptor MFM
050 #0 - SIGNATURA TOPOGRÁFICA DE LA BIBLIOTECA DEL CONGRESO
Número de clasificación NA2760.M6
Número de documento/Ítem B63 2004
100 1# - ENTRADA PRINCIPAL--NOMBRE DE PERSONA
Código de función/relación Autor
Nombre de persona Boari, Adamo
9 (RLIN) 29464
240 ## - TÍTULO UNIFORME
Título uniforme Informe preliminar para la construcción del Teatro Nacional México 1910 (Facsímil)
Medio Proyecto arquitectónico
Lenguaje de la obra Español
245 0# - MENCIÓN DE TÍTULO
Título Informe preliminar para la construcción del Teatro Nacional México 1910 (Facsímil)
Resto del título Proyecto arquitectónico
260 ## - PUBLICACIÓN, DISTRIBUCIÓN, ETC.
Lugar de publicación, distribución, etc. México
Nombre del editor, distribuidor, etc. Conaculta
Fecha de publicación, distribución, etc. 2004
300 ## - DESCRIPCIÓN FÍSICA
Extensión 1 v
Otras características físicas Ilustraciones
Dimensiones 22 cm
500 ## - NOTA GENERAL
Nota general Anexo 1
500 ## - NOTA GENERAL
Nota general El material se compone de una caja protectora, la cual contiene un libro con planos, imágenes y diseños; así como un documento con varios planos arquitectónicos.
500 ## - NOTA GENERAL
Nota general El material contiene anotaciones en las primeras hojas
505 ## - NOTA DE CONTENIDO CON FORMATO
Nota de contenido con formato Texto en: españolDirigido a: arquitectos y personas con interés por la arquitectura
650 1# - PUNTO DE ACCESO ADICIONAL DE MATERIA--TÉRMINO DE MATERIA
Fuente del encabezamiento o término Arquitectura
Término de materia o nombre geográfico como elemento de entrada Diseño
Subdivisión de forma Planos arquitectónicos
9 (RLIN) 29465
651 2# - PUNTO DE ACCESO ADICIONAL DE MATERIA--NOMBRE GEOGRÁFICO
Fuente del encabezamiento o término Arquitectura mexicana
Nombre geográfico México
Subdivisión de forma Teatro Nacional México
9 (RLIN) 29466
700 1# - PUNTO DE ACCESO ADICIONAL--NOMBRE DE PERSONA
Código de función/relación Textos
Nombre de persona Juárez, Saúl
9 (RLIN) 29467
700 1# - PUNTO DE ACCESO ADICIONAL--NOMBRE DE PERSONA
Código de función/relación Textos
Nombre de persona Guzmán, Xavier
9 (RLIN) 29468
942 ## - ELEMENTOS DE PUNTO DE ACCESO ADICIONAL (KOHA)
Fuente del sistema de clasificación o colocación Library of Congress Classification
Tipo de ítem Koha Libros
Holdings
Estado de retiro Estado de pérdida Fuente del sistema de clasificación o colocación Estado dañado No para préstamo Código de colección Localización permanente Ubicación/localización actual Fecha de adquisición Total de préstamos Signatura topográfica completa Código de barras Fecha visto por última vez Precio válido a partir de Tipo de ítem Koha
El ejemplar forma parte de la colección y puede ser consultado según las políticas vigentes.   Library of Congress Classification     Fondo Contemporáneo Biblioteca del Museo Franz Mayer (Rogerio Casas-Alatriste) Biblioteca del Museo Franz Mayer (Rogerio Casas-Alatriste) 01/09/2023   NA2760.M6 B63 2004 CONT10154 01/09/2023 01/09/2023 Libros